1644 1965 1854 1586 1619 1307 1835 1564 1185 1697 1556 1944 1436 1743 1150 1393 1289 1129 1253 1938 1201 1448 1339 1033 1410 1351 1074 1185 1119 1473 1491 1063 1224 1925 1908 1349 1106 1144 1809 1971 1909 1184 1617 1493 1297 1005 1832 1570 1261 1533 1355 1277 1679 1908 1600 1707 1199 1491 1260 1553 1951 1346 1627 1838 1410 1056 1252 1226 1754 1419 1012 1863 1017 1028 1338 1835 1139 1070 1097 1655 1278 1272 1043 1461 1633 1151 1006 1857 1367 1301 1467 1994 1317 1373 1973 1922 1739 1780 1693 BCNSPRNW ULIB Ver.6.0+V

เปลี่ยนเป็นภาษาไทย

Change to English
 แสดงรายละเอียดบรรณานุกรม
  กลับหน้าหลัก

Brief Record : Get Marc (ISO 2709) : E-mail record : QR code < ปิดหน้าต่าง
LEADER : 00000nam 2200000uu 4500
001    13399107778
003     ULIB
008    110203s2551||||th 000 0 tha d
020    9789741109500
060  4 QS4^bว491R 2551
110 1  ศิริราชพยาบาล^bคณะแพทย์ศาสตร์
245 00 Regional anatomy for medical student book I /^cวาสนา พลากรกุล และคณะ
250    พิมพ์ครั้งที่ 1
260    กรุงเทพฯ:^bบริษัท ศิริวัฒนาอินเตอร์พริ้น จำกัด,^c2551
300    596 หน้า:^bภาพประกอบ
650  7 กายวิภาคศาสตร์
700 0  วาสนา พลากรกุล,^eบรรณาธิการ
710 1  ศิริราชพยาบาล^bคณะแพทย์ศาสตร์
945    ^p890^l0^i023868
945    ^p890^l0^i023867
995    ทศพร
999 ^a ใช้งานได้ทุกระบบ
รายการนี้ยังไม่มีแท็ก
คุณยังไม่ได้ล็อกอิน คุณสามารถมีกิจกรรมร่วมกับเว็บไซต์ได้ แต่ต้องล็อกอินก่อน ::
  ล็อกอิน

รายการสื่อสารสนเทศ

ลำดับที่ ประเภท เลขเรียก/บาร์โค้ด สถานที่ สถานะ
- ไม่พบข้อมูล -

รายการใกล้เคียง
    หัวเรื่อง [กายวิภาคศาสตร์]

BibComment


ยังไม่เคยถูกคอมเมนท์

คอมเมนท์ทรัพยากรรายการนี้
  คอมเมนท์: Regional anatomy ..


 Copyright 2026. Bcnsprnw @Library